000 00187 a2200097 4500
020 _a9788430519620
041 _aspa
100 _aOsorio Marta
245 _aUn Monton de Osos
942 _cBK
999 _c31490
_d31488